| 000 | 02552nam a2200361 4500 | ||
|---|---|---|---|
| 001 | 68 | ||
| 003 | OSt | ||
| 005 | 20250528074010.0 | ||
| 008 | 250123b |||||||j |||| 00| 1 eng d | ||
| 040 | _bpor | ||
| 041 |
_heng _apor |
||
| 082 |
_a813 _bB811c |
||
| 100 | 1 |
_aBradley, Marion Zimmer, _d1930-1999 _9169 |
|
| 240 | _aThendara House | ||
| 245 |
_aA casa de Thendara / _cBradley, Marion Zimmer ; Tradução de A. B. Pinheiro de Lemos |
||
| 250 | _a3° edição | ||
| 260 |
_aRio de Janeiro _bImago _c1990 |
||
| 300 | _a450 p. | ||
| 490 | 1 | _aDarkover | |
| 520 | _aMagda e Jaelle se tornaram amigas depois de enfrentarem perigos terríveis em Darkover, o planeta misterioso, colonizado a mil anos pelos passageiros e tripulantes de uma espaçonave da terra, que se extraviou após sofrer avarias irreparáveis, desviando-se de sua rota. O desenvolvimento histórico da civilização em Darkover foi diferente de tudo o que a sociedade humana havia conhecido, dando margem a um choque cultural quando espaçonaves terráqueas pousam no planeta e o Império ali estabelece uma base. Agora, Magda, a terráquea, embora criada em Darkover, torna-se uma Amazona Livre e vai fazer seu aprendizado na Casa da Guilda de Thendara, enquanto Jaelle, a darkovana, casa com um terráqueo, Peter, ex-marido de Magda, e vai trabalhar na base do Império. Para Magda, o choque é a descoberta da luta das mulheres numa sociedade que lhes impõe todas as restrições e um papel secundário, a perspectiva da consideração do amor entre mulheres como uma coisa natural e o despertar de seu laran, o misterioso poder paranormal que existe em Darkover. Para Jaelle, o choque é o contato com uma sociedade altamente tecnológica, em que a mulher aparentemente conquistou a igualdade, mas na qual ainda persiste o desejo do homem de possuí-la e dominá-la. Entre as intrigas do Comyn, a aristocracia que domina a sociedade de Darkover, e dos altos representantes do Império, empenhados em fazer com que o planeta se conforme a suas normas e aceite uma plena integração, Magda e Jaelle lutam para se afirmarem como pessoas, não apenas como mulheres. | ||
| 650 | 0 |
_aLiteratura Americana _984 |
|
| 650 | 0 |
_aFicção Científica _963 |
|
| 650 | 0 |
_aFantasia _945 |
|
| 650 | 0 |
_aSeres de outro planeta _9222 |
|
| 650 | 0 |
_aAventura _947 |
|
| 650 | 0 |
_aMitologia _9128 |
|
| 650 | 0 |
_aEmponderamento _932 |
|
| 655 | 0 |
_aRomance _923 |
|
| 655 | 0 |
_aFicção _922 |
|
| 700 |
_aA. B. Pinheiro de Lemos _eTradutor _9109 |
||
| 830 |
_aDarkover _9173 |
||
| 942 |
_2ddc _n0 _cBK |
||
| 999 |
_c68 _d68 |
||